000 00820nam a2200181Ia 4500
008 090123s9999 xx 000 0 und d
082 _b18203
100 _aभालेराव अनंत
245 _aहैदराबादचा स्वातंत्र्य संग्राम आणि मराठवाडा
250 _a1
260 _bमौज प्रि.ब्यूरो
_c1987
300 _a640
600 _aभालेराव अनंत
630 _aहैदराबादचा स्वातंत्र्य संग्राम आणि मराठवाडा
700 _aभालेराव अनंत
730 _aहैदराबादचा स्वातंत्र्य संग्राम आणि मराठवाडा
942 _cBOOK
999 _c56264
_d56264